000 00394nam a2200169Ia 4500
100 _aMoreira Jorge c/ Farrell Patrick Guy
650 _aError control
942 _cBK
366 _f27
654 _aerror control coding
245 _aEssentials of Error-control coding
260 _bWiley
_c2006
082 _a3.54
_bMOR
300 _a361
546 _aENGLISH
_celectronics
999 _c26697
_d26697